[Event "FRA-ch Youth 2017"]
[Site "Belfort"]
[Date "2017.04.17"]
[Round "3"]
[White "Meillon, Judicael"]
[Black "Lamhene, Elias"]
[Result "1-0"]
[WhiteElo "1884"]
[BlackElo "1715"]
[Annotator "NA"]
[PlyCount "123"]
[EventDate "2017.??.??"]
[EventCountry "FRA"]
[SourceTitle "playchess.com"]
[Source "ChessBase"]
[SourceQuality "1"]
[TimeControl "5400+30"]

1. e4 {[%emt 0:00:00]} c5 {[%emt 0:00:17]} 2. b4 {[%emt 0:00:00]} d6 {[%emt 0:02:15]} 3. Nf3 {[%emt 0:02:50]} Nf6 {[%emt 0:01:26]} 4. Bb5+ {[%emt 0:01:44] B50: Sicilian: 2...d6, Miscellaneous} (4. bxc5 Nxe4 5. cxd6 Nxd6 6. h3 Nc6 7. d4 g6 8. Be2 Bg7 9. O-O O-O 10. Bf4 Qb6 11. c3 Qb2 12. Nbd2 Qxc3 13. Nb3 {0-1 (35) Sosa,T (2266)-Kropff,R (2216) Asuncion 2013}) 4... Bd7 {[%emt 0:00:59]} 5. Bxd7+ {[%emt 0:01:46]} Nbxd7 $146 {[%emt 0:02:42]} (5... Qxd7 6. d3 g6 7. bxc5 dxc5 8. Bb2 Bg7 9. O-O O-O 10. Nbd2 Nc6 11. Nc4 Rfd8 {0-1 (34) Kramer,W (1331)-Safarian,A (1899) Adelaide 2003}) ({Of course not} 5... Kxd7 $6 6. bxc5 e6 7. d4 Nxe4 8. Qd3 $16) 6. bxc5 {[%emt 0:02:31]} Nxc5 {[%emt 0:01:06]} 7. d3 {[%emt 0:04:51]} g6 {[%emt 0:01:29]} 8. Nc3 {[%emt 0:07:45]} Bg7 {[%emt 0:00:21]} 9. Bd2 {[%emt 0:01:12]} O-O {[%emt 0:01:31]} 10. O-O {[%emt 0:02:02]} d5 {[%emt 0:05:42]} 11. exd5 {[%emt 0:01:26]} Nxd5 {[%emt 0:00:29]} 12. Nxd5 {[%emt 0:00:11]} Qxd5 {[%emt 0:00:23]} 13. d4 {[%emt 0:01:02]} Ne4 {[%emt 0:01:38]} 14. Bb4 {[%emt 0:08:44]} Rfe8 {[%emt 0:01:57]} 15. Qd3 {[%emt 0:02:49]} Ng5 {[%emt 0:04:23]} 16. Nxg5 {[%emt 0:01:28]} Qxg5 {[%emt 0:00:18]} 17. Rad1 {[%emt 0:10:07]} Rad8 {[%emt 0:03:37]} 18. Qe4 {[%emt 0:06:02]} Qb5 {[%emt 0:04:22]} 19. c3 {[%emt 0:01:45]} a5 {[%emt 0:00:34]} 20. Bc5 {[%emt 0:00:26]} Qc4 {[%emt 0:02:10]} 21. Rb1 {[%emt 0:02:27]} b5 {[%emt 0:01:59]} 22. Qc6 {[%emt 0:01:08]} Rb8 {[%emt 0:02:22]} 23. Qa6 {[%emt 0:03:57]} a4 {[%emt 0:07:02]} 24. Rfd1 {[%emt 0:03:40]} Qxa2 {[%emt 0:08:56]} 25. Rxb5 {[%emt 0:01:12]} Qe2 {[%emt 0:09:11]} 26. Rdb1 {[%emt 0:00:13]} Rxb5 {[%emt 0:00:33]} 27. Qxb5 Qxb5 {[%emt 0:00:14]} 28. Rxb5 {[%emt 0:00:11]} Ra8 {[%emt 0:00:07]} 29. Ba3 {[%emt 0:01:38]} ({But not} 29. Bxe7 $2 Re8 30. Ra5 (30. Rb7 $2 Bf8 31. Kf1 Rxe7 $19) 30... Rxe7 $19) 29... e6 {[%emt 0:02:01]} 30. Kf1 {[%emt 0:02:34]} Bf8 {[%emt 0:00:20]} 31. Bxf8 {[%emt 0:00:13]} Kxf8 {[%emt 0:00:08]} 32. Ke2 {[%emt 0:00:06]} a3 {[%emt 0:00:05]} 33. Rb1 {[%emt 0:00:03]} a2 {[%emt 0:00:15]} 34. Ra1 {[%emt 0:00:02]} Ke7 {[%emt 0:00:26]} 35. Kd3 {[%emt 0:00:22]} Kd6 {[%emt 0:00:11]} 36. Kc4 {[%emt 0:00:20]} Ra7 {[%emt 0:09:24]} 37. Kb3 $14 {[%emt 0:00:23]} Rb7+ {[%emt 0:00:41]} 38. Kxa2 {[%emt 0:00:06]} Kd5 {[%emt 0:00:09]} 39. Rb1 {[%emt 0:00:06]} Rc7 {[%emt 0:00:55]} 40. Kb3 {[%emt 0:00:16]} Ke4 {[%emt 0:01:27]} 41. Kc2 {[%emt 0:01:05]} Rd7 {[%emt 0:01:30]} 42. Re1+ {[%emt 0:00:16]} Kd5 {[%emt 0:00:13]} 43. Re5+ {[%emt 0:00:19]} Kc6 {[%emt 0:00:33]} 44. Rc5+ {[%emt 0:00:48]} Kb6 {[%emt 0:00:15]} 45. Kd3 {[%emt 0:00:23]} f6 {[%emt 0:00:20]} 46. Kc4 {[%emt 0:00:09]} f5 {[%emt 0:01:34]} 47. Kb4 {[%emt 0:01:07]} h5 {[%emt 0:00:41]} 48. Re5 {[%emt 0:00:19]} Rd6 {[%emt 0:00:30]} 49. c4 {[%emt 0:00:04]} Kc6 {[%emt 0:00:44]} 50. Rxe6 {[%emt 0:00:27]} Rxe6 {[%emt 0:00:13]} 51. d5+ {[%emt 0:00:01]} Kd6 {[%emt 0:00:10]} 52. dxe6 {[%emt 0:00:03]} Kxe6 {[%emt 0:00:07]} 53. Kc5 {[%emt 0:00:17]} Kd7 {[%emt 0:00:18]} 54. Kd5 {[%emt 0:00:03]} h4 {[%emt 0:00:42]} 55. Ke5 {[%emt 0:00:05]} Kc6 {[%emt 0:00:24]} 56. Kf6 {[%emt 0:00:11]} f4 {[%emt 0:00:16]} 57. Kxg6 {[%emt 0:00:07]} Kc5 {[%emt 0:00:02]} 58. Kf5 {[%emt 0:00:07]} Kxc4 {[%emt 0:00:12]} 59. Kxf4 {[%emt 0:00:03]} Kd5 {[%emt 0:00:07]} 60. Kg5 {[%emt 0:00:04]} Ke6 {[%emt 0:00:06]} 61. f4 {[%emt 0:00:05]} Kf7 {[%emt 0:00:02]} 62. f5 {[%emt 0:00:09]} 1-0

[Event "FRA-ch Youth 2017"]
[Site "Belfort"]
[Date "2017.04.17"]
[Round "3"]
[White "Verhille, Elie"]
[Black "Popov, Konstantin"]
[Result "0-1"]
[WhiteElo "1765"]
[BlackElo "2026"]
[Annotator "NA"]
[PlyCount "92"]
[EventDate "2017.??.??"]
[EventCountry "FRA"]
[SourceTitle "playchess.com"]
[Source "ChessBase"]
[SourceQuality "1"]
[TimeControl "5400+30"]

1. e4 {[%emt 0:00:00]} c5 {[%emt 0:00:28]} 2. f4 {[%emt 0:00:00]} d5 {[%emt 0:00:20]} 3. exd5 {[%emt 0:00:00]} Nf6 {[%emt 0:00:31]} 4. Bb5+ {[%emt 0:00:00]} Nbd7 {[%emt 0:00:53]} 5. c4 {[%emt 0:00:59]} a6 {[%emt 0:00:10]} 6. Ba4 {[%emt 0:04:14]} b5 {[%emt 0:00:13] B21: Sicilian: 2 f4 and Morra Gambit} 7. cxb5 {[%emt 0:00:56]} Nxd5 {[%emt 0:00:24]} 8. Ne2 {[%emt 0:01:59]} (8. Nf3 g6 9. Nc3 N5b6 10. d4 Bg7 11. Bc2 cxd4 12. Nxd4 O-O 13. O-O axb5 14. Ndxb5 {½-½ (54) Zernyshkin,V (2319)-Yakovich,Y (2539) Samara 2011}) 8... g6 {[%emt 0:05:40]} 9. Nbc3 {[%emt 0:02:48]} N5b6 {[%emt 0:00:20]} 10. Bc2 {[%emt 0:03:35]} Bb7 $146 {[%emt 0:00:33]} (10... Bg7 11. bxa6 Bxa6 12. d3 O-O 13. O-O Nf6 14. f5 {½-½ (41) Taylor,T-Mirabile,T England 1995}) 11. O-O {[%emt 0:01:01]} Bg7 {[%emt 0:00:10]} 12. bxa6 {[%emt 0:00:55]} Bxa6 {[%emt 0:00:20]} 13. Be4 {[%emt 0:04:03]} Rc8 {[%emt 0:00:32]} 14. Re1 {[%emt 0:01:41]} O-O {[%emt 0:01:32]} 15. Nd5 {[%emt 0:05:15]} Nxd5 {[%emt 0:02:25]} 16. Bxd5 {[%emt 0:00:04]} e6 {[%emt 0:00:07]} 17. Bf3 {[%emt 0:00:33]} c4 {[%emt 0:00:16]} 18. Rb1 {[%emt 0:01:04]} Nc5 {[%emt 0:00:15]} 19. g3 {[%emt 0:10:05]} Nd3 {[%emt 0:00:23]} 20. Rf1 {[%emt 0:00:18]} Qb6+ {[%emt 0:02:09]} 21. Kg2 {[%emt 0:00:17]} Rfd8 {[%emt 0:01:00]} 22. Ng1 {[%emt 0:08:05]} Qa5 {[%emt 0:01:03]} 23. a3 {[%emt 0:01:43]} Nxb2 {[%emt 0:02:00]} 24. Qe1 {[%emt 0:09:10]} c3 {[%emt 0:05:12]} 25. dxc3 {[%emt 0:03:54]} Bxc3 {[%emt 0:01:27]} 26. Qf2 {[%emt 0:01:02]} Bd4 {[%emt 0:02:54]} (26... Qxa3 $2 27. Be2 Bxe2 28. Qxe2 Qa8+ 29. Qf3 $19) 27. Be3 {[%emt 0:01:01]} Bxf1+ {[%emt 0:00:26]} 28. Rxf1 {[%emt 0:00:52]} Bxe3 {[%emt 0:00:28]} ({Weaker is} 28... Qxa3 29. Bxd4 Qa4 30. Ne2 $14 (30. Bxb2 Rc2 $11)) 29. Qxe3 {[%emt 0:00:26]} Nc4 {[%emt 0:00:44]} 30. Qb3 {[%emt 0:00:32]} Nd2 {[%emt 0:00:11]} 31. Qb4 {[%emt 0:00:24]} Qxb4 {[%emt 0:00:09]} 32. axb4 {[%emt 0:00:04]} Nxf1 {[%emt 0:00:07]} 33. Kxf1 {[%emt 0:00:04]} Rb8 {[%emt 0:00:06]} 34. Ne2 {[%emt 0:00:28]} Rxb4 {[%emt 0:00:08]} 35. Kf2 {[%emt 0:00:37]} Rd2 {[%emt 0:01:36]} 36. Ke3 {[%emt 0:00:19]} Rxe2+ {[%emt 0:00:04]} 37. Bxe2 {[%emt 0:00:14]} Kf8 {[%emt 0:00:04]} 38. Bf3 {[%emt 0:00:25]} Ke7 {[%emt 0:00:04]} 39. Be4 {[%emt 0:00:08]} f5 $19 {[%emt 0:00:34]} 40. Bd3 {[%emt 0:00:23]} e5 {[%emt 0:00:18]} 41. fxe5 {[%emt 0:00:03]} Ke6 {[%emt 0:00:10]} 42. h3 {[%emt 0:00:20]} Kxe5 {[%emt 0:00:04]} 43. h4 {[%emt 0:00:13]} Rb3 {[%emt 0:00:30]} 44. Kd2 {[%emt 0:01:21]} Kd4 {[%emt 0:00:10]} 45. Bc2 {[%emt 0:01:06]} Rxg3 {[%emt 0:00:04]} 46. h5 {[%emt 0:00:08]} Rg2+ {[%emt 0:00:05]} 0-1

[Event "FRA-ch Youth 2017"]
[Site "Belfort"]
[Date "2017.04.17"]
[Round "3"]
[White "Benezra, Esther"]
[Black "Afraoui, Anaelle"]
[Result "0-1"]
[WhiteElo "1761"]
[BlackElo "1977"]
[Annotator "NA"]
[PlyCount "78"]
[EventDate "2017.??.??"]
[EventCountry "FRA"]
[SourceTitle "playchess.com"]
[Source "ChessBase"]
[SourceQuality "1"]
[TimeControl "5400+30"]

1. e4 {[%emt 0:00:00]} c5 {[%emt 0:00:06]} 2. Nf3 {[%emt 0:00:00]} e6 {[%emt 0:00:16]} 3. b3 {[%emt 0:00:14]} d6 {[%emt 0:01:30]} 4. Bb2 {[%emt 0:03:02]} Nf6 {[%emt 0:01:20]} 5. Nc3 {[%emt 0:02:11]} Be7 {[%emt 0:01:58]} 6. d4 {[%emt 0:02:02]} cxd4 {[%emt 0:01:55]} 7. Nxd4 {[%emt 0:00:16]} O-O {[%emt 0:01:29] B50: Sicilian: 2...d6, Miscellaneous} 8. Bd3 {[%emt 0:03:03]} (8. Be2 Nbd7 9. O-O Nc5 10. Bf3 a6 11. a4 Qc7 12. Re1 Rd8 13. Qe2 Bf8 14. Qe3 e5 15. Nde2 {1-0 (60) Antipov,M (2538)-Laurusas,T (2429) Khanty-Mansiysk 2015}) 8... Nbd7 {[%emt 0:06:02]} 9. Nce2 $146 {[%emt 0:03:19]} (9. O-O a6 10. a4 Qc7 11. Nce2 b6 12. Ng3 Bb7 13. Qe2 Nc5 {½-½ (13) Hartz,E-Esterluss,H (2240) Frankfurt 2001}) 9... Nc5 {[%emt 0:07:14]} 10. f3 {[%emt 0:02:52]} a6 {[%emt 0:08:11]} 11. c4 {[%emt 0:03:07]} Qc7 {[%emt 0:03:37]} 12. O-O {[%emt 0:02:59]} b6 {[%emt 0:03:50]} 13. b4 {[%emt 0:12:13]} Nxd3 {[%emt 0:02:11]} 14. Qxd3 {[%emt 0:00:12]} Bb7 {[%emt 0:00:42]} 15. Ng3 {[%emt 0:06:38]} Rac8 {[%emt 0:06:24]} 16. Rac1 {[%emt 0:02:00]} Qd7 {[%emt 0:07:40]} 17. f4 {[%emt 0:10:12]} d5 {[%emt 0:07:43]} 18. cxd5 {[%emt 0:02:33]} Bxb4 {[%emt 0:02:42]} 19. dxe6 {[%emt 0:01:25]} fxe6 {[%emt 0:00:41]} 20. Qb3 {[%emt 0:03:09]} Bc5 {[%emt 0:02:13] [#]} 21. Rxc5 $1 {[%emt 0:01:47]} bxc5 {[%emt 0:02:52]} 22. Nxe6 {[%emt 0:00:33]} Rf7 {[%emt 0:01:06]} 23. Bxf6 {[%emt 0:12:56]} c4 {[%emt 0:03:41]} 24. Qb4 {[%emt 0:07:51]} Rxf6 {[%emt 0:01:40]} 25. f5 {[%emt 0:02:03]} Rf7 {[%emt 0:14:31]} 26. Rc1 {[%emt 0:03:01]} Qb5 {[%emt 0:04:13]} 27. Qc3 {[%emt 0:01:50]} a5 {[%emt 0:00:34]} 28. Rd1 {[%emt 0:02:25]} Rd7 {[%emt 0:02:03]} 29. Kf2 {[%emt 0:04:07]} Qb6+ {[%emt 0:02:59]} 30. Kf3 {[%emt 0:00:50]} Re7 {[%emt 0:00:43]} 31. Nh5 {[%emt 0:01:10]} Qb4 {[%emt 0:02:41]} 32. Qe5 {[%emt 0:01:45]} c3 {[%emt 0:00:41]} 33. Nhxg7 {[%emt 0:02:37]} c2 $19 {[%emt 0:00:29]} 34. Rc1 {[%emt 0:00:05]} Qc3+ {[%emt 0:00:31]} 35. Qxc3 {[%emt 0:00:13]} Rxc3+ {[%emt 0:00:05]} 36. Ke2 {[%emt 0:00:13]} Bxe4 {[%emt 0:00:33]} 37. Kd2 {[%emt 0:01:04]} Rc8 {[%emt 0:00:18]} 38. f6 {[%emt 0:00:24]} Rd7+ {[%emt 0:00:27]} 39. Ke2 {[%emt 0:00:43]} Bg6 {[%emt 0:00:43]} 0-1

[Event "FRA-ch Youth 2017"]
[Site "Belfort"]
[Date "2017.04.17"]
[Round "3"]
[White "Laurent-Paoli, Louis"]
[Black "Roux, Baptiste"]
[Result "1-0"]
[WhiteElo "1749"]
[BlackElo "1934"]
[Annotator "NA"]
[PlyCount "129"]
[EventDate "2017.??.??"]
[EventCountry "FRA"]
[SourceTitle "playchess.com"]
[Source "ChessBase"]
[SourceQuality "1"]
[TimeControl "5400+30"]

1. e4 {[%emt 0:00:00]} c5 {[%emt 0:00:11]} 2. c3 {[%emt 0:00:00]} Nf6 {[%emt 0:00:44]} 3. e5 {[%emt 0:00:00]} Nd5 {[%emt 0:00:06]} 4. d4 {[%emt 0:00:02]} cxd4 {[%emt 0:00:08]} 5. cxd4 {[%emt 0:00:10]} e6 {[%emt 0:00:26]} 6. Nf3 {[%emt 0:00:12]} d6 {[%emt 0:00:14]} 7. exd6 {[%emt 0:00:37]} Bxd6 {[%emt 0:00:32]} 8. Nc3 {[%emt 0:01:08]} Nc6 {[%emt 0:05:31]} 9. Nxd5 {[%emt 0:07:36] B22: Sicilian: 2 c3} (9. Bd3 O-O 10. O-O Be7 11. Be4 Bf6 12. a3 Re8 13. Qd3 g6 14. Re1 Nxc3 15. bxc3 Bd7 16. Bf4 Rc8 17. Rab1 b6 18. c4 Na5 19. Rec1 Bc6 20. d5 {½-½ (20) Rusev,K (2544)-Chatalbashev,B (2549) Vrnjacka Banja 2012}) 9... exd5 {[%emt 0:00:05]} 10. Bd3 {[%emt 0:02:56]} Qe7+ {[%emt 0:02:24]} 11. Qe2 {[%emt 0:11:46]} Bb4+ {[%emt 0:07:33]} 12. Bd2 {[%emt 0:03:37]} O-O $146 {[%emt 0:01:16]} (12... Bxd2+ 13. Kxd2 Be6 14. a3 O-O 15. Rhd1 Qf6 16. Qe3 Bg4 {0-1 (33) Tsyrennimaev,Z (2052)-Bannikova,A (2170) Novokuznetsk 2007}) 13. Bxb4 {[%emt 0:08:10]} Qxb4+ {[%emt 0:00:52]} 14. Qd2 {[%emt 0:00:13]} Re8+ {[%emt 0:01:26]} 15. Kd1 {[%emt 0:00:16]} Bg4 {[%emt 0:01:34]} 16. Qxb4 {[%emt 0:04:09]} Nxb4 {[%emt 0:00:07]} 17. Kd2 {[%emt 0:03:43]} Nc6 {[%emt 0:01:43]} 18. Bb5 {[%emt 0:04:17]} Re4 {[%emt 0:01:52]} 19. Bxc6 {[%emt 0:07:24]} bxc6 {[%emt 0:00:10]} 20. Rac1 {[%emt 0:01:24]} Rc8 {[%emt 0:02:03]} 21. Kd3 {[%emt 0:04:37]} Bxf3 {[%emt 0:04:46]} 22. gxf3 {[%emt 0:00:13]} Rf4 {[%emt 0:00:18]} 23. Ke3 {[%emt 0:02:06]} g5 {[%emt 0:01:58]} 24. Rhg1 {[%emt 0:19:33]} Re8+ {[%emt 0:01:53]} 25. Kd2 {[%emt 0:00:13]} Rxd4+ {[%emt 0:00:12]} 26. Kc3 {[%emt 0:01:05]} Rc4+ {[%emt 0:00:21]} 27. Kd3 {[%emt 0:00:17]} Rxc1 {[%emt 0:00:47]} 28. Rxc1 {[%emt 0:00:30]} Re6 {[%emt 0:02:11]} 29. Rc5 {[%emt 0:00:50]} Kf8 {[%emt 0:02:14]} 30. Ra5 {[%emt 0:00:15]} Re7 {[%emt 0:00:19]} 31. Ra6 {[%emt 0:00:08]} Rc7 {[%emt 0:00:08]} 32. Kd4 {[%emt 0:00:37]} Ke7 {[%emt 0:00:13]} 33. Kc5 {[%emt 0:00:48]} Ke6 {[%emt 0:02:54]} 34. b3 {[%emt 0:01:49]} Ke5 {[%emt 0:00:37]} 35. Ra4 $17 {[%emt 0:00:09]} f5 {[%emt 0:00:34]} 36. Rb4 {[%emt 0:03:51]} Rd7 {[%emt 0:05:23]} 37. Rd4 {[%emt 0:00:22]} a5 {[%emt 0:03:29]} 38. a3 {[%emt 0:05:15]} Rb7 {[%emt 0:18:19]} 39. b4 {[%emt 0:00:35]} axb4 {[%emt 0:00:13]} 40. axb4 {[%emt 0:00:07]} Rd7 {[%emt 0:00:35]} 41. Rd3 {[%emt 0:01:24]} Rb7 {[%emt 0:06:17]} 42. Rd4 {[%emt 0:01:11]} h5 {[%emt 0:01:47]} 43. h3 {[%emt 0:01:04]} h4 {[%emt 0:00:30]} 44. Rd3 {[%emt 0:01:53]} Rb5+ {[%emt 0:01:36]} 45. Kxc6 {[%emt 0:00:12]} Rxb4 {[%emt 0:00:17]} 46. Rxd5+ {[%emt 0:01:36]} Kf4 {[%emt 0:00:10]} 47. Kd6 {[%emt 0:02:45]} Rb6+ {[%emt 0:04:47]} 48. Ke7 {[%emt 0:00:20]} Rg6 {[%emt 0:03:24]} 49. Kf7 {[%emt 0:00:16]} Rh6 {[%emt 0:00:08]} 50. Rc5 {[%emt 0:01:33]} Ra6 {[%emt 0:03:53]} 51. Rd5 {[%emt 0:00:38]} Ra2 {[%emt 0:03:44]} 52. Kf6 {[%emt 0:00:35]} Rxf2 {[%emt 0:01:09]} 53. Rxf5+ {[%emt 0:00:07]} Kg3 {[%emt 0:01:20]} 54. Kxg5 {[%emt 0:01:38]} Ra2 55. Re5 Kxh3 {[%emt 0:02:52]} 56. f4 {[%emt 0:01:11]} Rg2+ {[%emt 0:00:37]} 57. Kh5 {[%emt 0:00:28]} Kg3 {[%emt 0:00:57]} 58. Rg5+ {[%emt 0:00:28]} Kxf4 {[%emt 0:00:37]} 59. Rxg2 {[%emt 0:00:12]} h3 {[%emt 0:00:11]} 60. Ra2 {[%emt 0:00:23]} Kg3 {[%emt 0:00:10]} 61. Ra3+ {[%emt 0:00:11]} Kg2 {[%emt 0:00:09]} 62. Kg4 {[%emt 0:00:31]} h2 {[%emt 0:00:05]} 63. Ra2+ {[%emt 0:00:21]} Kg1 {[%emt 0:00:05]} 64. Kg3 {[%emt 0:00:45]} h1=N+ {[%emt 0:00:19]} 65. Kf3 {[%emt 0:00:31]} 1-0

[Event "FRA-ch Youth 2017"]
[Site "Belfort"]
[Date "2017.04.17"]
[Round "3"]
[White "Boulart, Emilie"]
[Black "Rollot, Florence"]
[Result "1-0"]
[WhiteElo "1636"]
[BlackElo "1973"]
[Annotator "NA"]
[PlyCount "110"]
[EventDate "2017.??.??"]
[EventCountry "FRA"]
[SourceTitle "playchess.com"]
[Source "ChessBase"]
[SourceQuality "1"]
[TimeControl "5400+30"]

1. e4 {[%emt 0:00:00]} c5 {[%emt 0:00:06]} 2. c3 {[%emt 0:00:00]} d5 {[%emt 0:00:07]} 3. exd5 {[%emt 0:00:00]} Qxd5 {[%emt 0:00:06]} 4. d4 {[%emt 0:01:58]} Nf6 {[%emt 0:00:07]} 5. Nf3 {[%emt 0:01:54]} Bg4 {[%emt 0:00:10]} 6. Be2 {[%emt 0:00:21]} e6 {[%emt 0:00:22]} 7. Be3 {[%emt 0:01:24]} cxd4 {[%emt 0:03:53]} 8. cxd4 {[%emt 0:00:08]} Nc6 {[%emt 0:00:24]} ({Of course not} 8... Bxf3 9. Bxf3 Qa5+ 10. Nc3 $16) 9. Nc3 {[%emt 0:01:29]} Qd6 {[%emt 0:01:36]} 10. O-O {[%emt 0:06:10]} Be7 {[%emt 0:00:59]} 11. h3 {[%emt 0:02:07]} Bh5 {[%emt 0:00:22]} 12. Qb3 {[%emt 0:08:36]} O-O {[%emt 0:01:55] LiveBook: 167 Games} 13. Rfd1 {[%emt 0:03:47]} Rfd8 {[%emt 0:01:50]} 14. Rac1 {[%emt 0:03:46]} Qb4 {[%emt 0:04:45]} 15. Qxb4 {[%emt 0:03:28]} Nxb4 {[%emt 0:00:53]} 16. g4 {[%emt 0:04:25]} Bg6 {[%emt 0:01:35]} 17. Ne5 {[%emt 0:00:30]} Rac8 {[%emt 0:02:26]} 18. Bf3 {[%emt 0:06:58]} Nfd5 {[%emt 0:06:24]} 19. a3 {[%emt 0:09:11]} Nxc3 {[%emt 0:01:46]} 20. Rxc3 {[%emt 0:06:10]} Rxc3 {[%emt 0:06:02]} 21. bxc3 {[%emt 0:00:07]} Nc2 {[%emt 0:11:19]} 22. a4 {[%emt 0:18:41]} Nxe3 {[%emt 0:09:43]} 23. fxe3 {[%emt 0:00:11]} Bc2 {[%emt 0:00:56]} 24. Rd2 {[%emt 0:08:13]} Bxa4 {[%emt 0:01:22]} 25. Bxb7 {[%emt 0:02:08]} Rb8 {[%emt 0:07:34]} 26. Ra2 {[%emt 0:01:21]} Rxb7 $14 {[%emt 0:01:21]} 27. Rxa4 {[%emt 0:00:07]} Bg5 {[%emt 0:01:39]} 28. Kf2 {[%emt 0:01:33]} Rb2+ {[%emt 0:09:19]} 29. Kf3 {[%emt 0:00:15]} f6 {[%emt 0:00:24]} 30. Nc4 {[%emt 0:02:24]} Rb3 {[%emt 0:04:11]} 31. Ra3 {[%emt 0:00:25]} Rxa3 {[%emt 0:01:34]} 32. Nxa3 {[%emt 0:00:04]} Kf7 {[%emt 0:00:19]} 33. c4 {[%emt 0:01:09]} Ke7 {[%emt 0:00:32]} 34. Ke4 {[%emt 0:00:55]} a6 {[%emt 0:01:39]} 35. c5 {[%emt 0:00:35]} Kd7 {[%emt 0:00:15]} 36. Nc4 {[%emt 0:01:47]} Kc6 {[%emt 0:05:22]} 37. Nb6 {[%emt 0:01:27]} a5 {[%emt 0:01:09]} 38. Kd3 {[%emt 0:01:27]} Kb5 {[%emt 0:01:21]} 39. e4 {[%emt 0:00:53]} Bf4 {[%emt 0:01:58]} 40. Kc3 {[%emt 0:01:17]} Bg3 {[%emt 0:02:45]} 41. Nc4 {[%emt 0:00:57]} e5 {[%emt 0:01:21]} 42. Na3+ {[%emt 0:00:44]} Kc6 {[%emt 0:00:55]} 43. Nc4 {[%emt 0:00:56]} exd4+ {[%emt 0:00:23]} 44. Kxd4 {[%emt 0:00:11]} Bf2+ {[%emt 0:00:07]} 45. Kc3 {[%emt 0:00:58]} Kxc5 {[%emt 0:00:12]} 46. Na3 {[%emt 0:00:28]} Be1+ {[%emt 0:00:33]} 47. Kd3 {[%emt 0:00:17]} a4 {[%emt 0:00:24]} 48. Nc2 {[%emt 0:00:43]} Bb4 {[%emt 0:00:27]} 49. Na1 {[%emt 0:00:12]} a3 {[%emt 0:00:27]} 50. Nb3+ {[%emt 0:00:14]} Kb5 {[%emt 0:00:25]} 51. Na1 {[%emt 0:00:22]} a2 {[%emt 0:00:31]} 52. Kc2 {[%emt 0:00:26]} Kc4 {[%emt 0:00:12]} 53. Kb2 {[%emt 0:00:36]} Bc3+ {[%emt 0:00:24]} 54. Kxa2 {[%emt 0:00:05]} Bxa1 {[%emt 0:00:05]} 55. Kxa1 {[%emt 0:00:04]} Kd4 {[%emt 0:00:06]} 1-0

[Event "FRA-ch Youth 2017"]
[Site "Belfort"]
[Date "2017.04.17"]
[Round "3"]
[White "David, Iris"]
[Black "Leriche, Ines"]
[Result "0-1"]
[WhiteElo "1587"]
[BlackElo "2037"]
[Annotator "NA"]
[PlyCount "60"]
[EventDate "2017.??.??"]
[EventCountry "FRA"]
[SourceTitle "playchess.com"]
[Source "ChessBase"]
[SourceQuality "1"]
[TimeControl "5400+30"]

1. d4 {[%emt 0:00:00]} d5 {[%emt 0:00:13]} 2. c4 {[%emt 0:00:00]} c6 {[%emt 0:00:10]} 3. Nc3 {[%emt 0:00:18]} Nf6 {[%emt 0:00:15]} 4. cxd5 {[%emt 0:00:45]} cxd5 {[%emt 0:00:17]} 5. Bf4 {[%emt 0:00:45]} Nc6 {[%emt 0:02:57]} 6. e3 {[%emt 0:01:32]} a6 {[%emt 0:10:27]} 7. Nf3 {[%emt 0:01:47]} Bg4 {[%emt 0:00:34]} 8. Be2 {[%emt 0:02:41]} e6 {[%emt 0:02:07]} 9. Ne5 {[%emt 0:03:16] LiveBook: 68 Games} Bxe2 {[%emt 0:10:16]} 10. Qxe2 {[%emt 0:03:06]} Rc8 {[%emt 0:03:26]} 11. Nxc6 {[%emt 0:04:17] D13: Slav Defence: Exchange variation without ...Bf5} (11. O-O Be7 12. Rfc1 O-O 13. Nxc6 Rxc6 14. Na4 Qd7 15. Qd1 Rfc8 16. Nc3 Rc4 17. Ne2 Qb5 18. b3 Rxc1 19. Rxc1 Rxc1 20. Nxc1 {½-½ (46) Sieciechowicz,M (2449)-Dziuba,M (2610) Poland 2013}) 11... Rxc6 {[%emt 0:00:25]} 12. a3 {[%emt 0:02:12]} Be7 $146 {[%emt 0:07:24]} (12... Bd6 13. Bxd6 Qxd6 14. O-O O-O 15. f3 b5 {½-½ (15) Kalinin,O (2378)-Bobula,M (2389) Rybnik 2009}) 13. O-O {[%emt 0:01:14]} O-O {[%emt 0:01:17]} 14. Rac1 {[%emt 0:04:03]} Qa5 {[%emt 0:03:06]} 15. Qd3 {[%emt 0:04:37]} Rfc8 {[%emt 0:04:10]} 16. Rc2 {[%emt 0:01:46]} Ne4 {[%emt 0:05:09]} 17. Rfc1 {[%emt 0:03:40]} Nxc3 {[%emt 0:02:28]} 18. Rxc3 {[%emt 0:01:39]} Rxc3 {[%emt 0:00:44]} 19. Rxc3 {[%emt 0:03:15]} Rxc3 {[%emt 0:00:16]} 20. Qxc3 {[%emt 0:01:53]} Qxc3 {[%emt 0:00:21]} 21. bxc3 {[%emt 0:00:06]} Bxa3 {[%emt 0:00:10]} 22. Bc7 {[%emt 0:00:17]} Kf8 {[%emt 0:02:21]} 23. Kf1 {[%emt 0:01:06]} Ke7 {[%emt 0:00:11]} 24. Ke2 {[%emt 0:01:42]} Kd7 {[%emt 0:00:20]} 25. Ba5 {[%emt 0:03:25]} Kc6 {[%emt 0:00:56]} 26. Kd3 {[%emt 0:00:14]} Kb5 {[%emt 0:09:04]} 27. Bc7 {[%emt 0:05:24]} a5 {[%emt 0:02:10]} 28. e4 a4 $19 {[%emt 0:08:28]} 29. e5 {[%emt 0:12:34]} Be7 {[%emt 0:01:46]} 30. Kc2 {[%emt 0:02:17]} b6 {[%emt 0:03:19]} 0-1

[Event "FRA-ch Youth 2017"]
[Site "Belfort"]
[Date "2017.04.18"]
[Round "4"]
[White "Travadon, Loic"]
[Black "Trouve, Guillaume"]
[Result "1/2-1/2"]
[WhiteElo "2348"]
[BlackElo "2134"]
[Annotator "TA"]
[PlyCount "67"]
[EventDate "2017.??.??"]
[EventCountry "FRA"]
[SourceTitle "playchess.com"]
[Source "ChessBase"]
[SourceQuality "1"]

{[%evp 8,67,16,17,42,36,44,51,41,25,38,36,71,41,85,64,92,81,84,67,59,48,51,62,63,59,56,48,57,43,49,57,65,43,43,40,43,53,55,49,47,29,29,29,29,29,33,32,29,14,15,17,30,0,19,14,45,0,35,0,33,0]} 1. d4 Nf6 2. c4 e6 3. Nf3 Bb4+ 4. Bd2 a5 5. a3 Be7 {E11: Bogo-Indian} (5... Bxd2+ 6. Qxd2 b6 7. Nc3 Bb7 8. g3 O-O 9. Bg2 Ne4 10. Nxe4 Bxe4 11. O-O a4 12. Qe3 Bb7 13. Qd3 f5 14. Ne5 Bxg2 15. Kxg2 {0-1 (38) So,W (2822)-Carlsen,M (2838) chess.com INT 2017}) 6. Nc3 d5 7. Bf4 O-O 8. Rc1 c5 $146 (8... b6 9. cxd5 exd5 10. Nb5 c6 11. Bxb8 cxb5 12. Bc7 Qe8 13. Bxb6 {0-1 (29) Tschann,S (2250)-Meijers,V (2477) Waldshut Tiengen 2014}) 9. dxc5 Bxc5 10. e3 Be7 11. cxd5 exd5 12. h3 Na6 13. Be2 Nc5 14. O-O Be6 15. Nd4 Bd6 16. Bxd6 Qxd6 17. Ndb5 Qe7 18. Na4 Rac8 19. Nxc5 Rxc5 20. Rxc5 Qxc5 21. Qd2 Ne4 22. Qxa5 Qc2 $1 {[%cal Rc2e2]} 23. Nd4 Qxb2 24. Qb4 Qxb4 25. axb4 Rc8 26. Ra1 g6 27. Bd3 Nd6 28. Kf1 Kg7 29. Ke2 Kf6 30. Ra7 Rc7 31. Ra5 Ke7 32. Ra7 Kf6 33. Ra8 Rc8 34. Ra7 1/2-1/2